Welcome to CU Library Online Public Access Catalogue (OPAC)

The first year--type 2 diabetes : (Record no. 3650)

MARC details
000 -LEADER
fixed length control field 00577cam a22001814a 4500
001 - CONTROL NUMBER
control field 12432858
005 - DATE AND TIME OF LATEST TRANSACTION
control field 20250208105133.0
008 - FIXED-LENGTH DATA ELEMENTS--GENERAL INFORMATION
fixed length control field 010606s2001 nyua b 001 0 eng
020 ## - INTERNATIONAL STANDARD BOOK NUMBER
International Standard Book Number 1569245460 (pbk.)
050 00 - LIBRARY OF CONGRESS CALL NUMBER
Classification number RC662.18
Item number .B43 2001
082 00 - DEWEY DECIMAL CLASSIFICATION NUMBER
Classification number 616.4/62
Edition information 21
100 1# - MAIN ENTRY--PERSONAL NAME
Personal name Becker, Gretchen.
245 14 - TITLE STATEMENT
Title The first year--type 2 diabetes :
Remainder of title an essential guide for the newly diagnosed /
Statement of responsibility, etc. Gretchen Becker.
260 ## - PUBLICATION, DISTRIBUTION, ETC.
Place of publication, distribution, etc. New York :
Name of publisher, distributor, etc. Marlowe and Co.,
Date of publication, distribution, etc. 2001.
300 ## - PHYSICAL DESCRIPTION
Extent xxii, 312 p. :
Other physical details ill. ;
Dimensions 23 cm.
650 #0 - SUBJECT ADDED ENTRY--TOPICAL TERM
Topical term or geographic name entry element Type 2 diabetes
Form subdivision Popular works.
942 ## - ADDED ENTRY ELEMENTS (KOHA)
Source of classification or shelving scheme Library of Congress Classification
Koha item type Books
Suppress in OPAC No
999 ## -
-- 3650
-- 3650
Holdings
Withdrawn status Lost status Source of classification or shelving scheme Damaged status Not for loan Collection Home library Current library Shelving location Date acquired Total checkouts Full call number Barcode Date last seen Copy number Price effective from Koha item type
    Library of Congress Classification     Non-fiction Science Library (Miotso) Science Library (Miotso) General stacks 02/08/2025   RC662.18 .B43 BEC SLM00003191 02/08/2025 1 02/08/2025 Books
© 2023-2024 Copyright: Central University Libraries. All Rights Reserved | Created by: Mahone Tech Office